Sociologie des arts : Domaines et approches (notice n° 1925137)

détails MARC
000 -LEADER
fixed length control field 01335cam a2200133 4500500
005 - DATE AND TIME OF LATEST TRANSACTION
control field 20260329023146.0
041 ## - LANGUAGE CODE
Language code of text/sound track or separate title fre
042 ## - AUTHENTICATION CODE
Authentication code dc
100 10 - MAIN ENTRY--PERSONAL NAME
Personal name Péquignot, Bruno
Relator term author
245 00 - TITLE STATEMENT
Title Sociologie des arts : Domaines et approches
260 ## - PUBLICATION, DISTRIBUTION, ETC.
Name of publisher, distributor, etc. Armand Colin,<br/>
Date of publication, distribution, etc. 2013.<br/>
520 ## - SUMMARY, ETC.
Summary, etc. Qu’est-ce qui distingue l’art d’autres productions culturelles ? Comment s’organisent les marchés de l’art et les professions artistiques ? Quel est le rôle des institutions culturelles et des publics dans la légitimation des œuvres et des créateurs ? C’est notamment à ces questions que les sociologues qui analysent l’activité artistique s’efforcent de répondre, en explorant à la fois les processus de production et de réception des œuvres. Cet ouvrage remis à jour présente de manière claire et synthétique les acquis, les problématiques et les théories de ce domaine de recherche en pleine expansion. Il s’adresse aux étudiants en sociologie et d’autres disciplines (histoire de l’art, esthétique, économie de la culture, etc.), comme aux professionnels de la médiation culturelle et, plus largement, à tous ceux qu’intéresse la dimension sociale des pratiques artistiques.
856 41 - ELECTRONIC LOCATION AND ACCESS
Uniform Resource Identifier <a href="https://shs.cairn.info/sociologie-des-arts--9782200285913?lang=fr&redirect-ssocas=7080">https://shs.cairn.info/sociologie-des-arts--9782200285913?lang=fr&redirect-ssocas=7080</a>

Pas d'exemplaire disponible.

PLUDOC

PLUDOC est la plateforme unique et centralisée de gestion des bibliothèques physiques et numériques de Guinée administré par le CEDUST. Elle est la plus grande base de données de ressources documentaires pour les Étudiants, Enseignants chercheurs et Chercheurs de Guinée.

Adresse

627 919 101/664 919 101

25 boulevard du commerce
Kaloum, Conakry, Guinée

Réseaux sociaux

Powered by Netsen Group @ 2025